000 00427nam a2200181Ia 4500
001 9868
005 20260306161750.0
008 260306t2007||||xx |||||||||||||| ||spa||
041 _aESP
082 _a808.0014
_bC14
100 _aCáceres Cuadros, Tito
_eAUT
245 0 _aAnálisis de textos literarios
260 _c2007
300 _a263 páginas :
_ccm.
650 _aGEN
654 _aCHU
942 _cLIB
_dJUS
_fJUS
_2ddc
_n
999 _c9868
_d9868